| 000 | 00000nam##2200000za#4500 |
| 001 | 9.681233 |
| 003 | CaOODSP |
| 005 | 20240209132638 |
| 007 | ta |
| 008 | 150407|1999||||xxc||||| f|0| 0 fre|d |
| 020 | |a0-662-84973-6 |
| 040 | |aCaOODSP|bfre |
| 043 | |an-cn--- |
| 086 | 1 |aC89-4/73-1999F |
| 110 | 2 |aAgence de promotion économique du Canada atlantique. |
| 245 | 10|aBesoins en compétences dans le secteur primaire de la région de l'Atlantique / |cpar Charles Davis et Les Hulett. |
| 260 | |aMoncton - Nouveau-Brunswick : |bAgence de promotion économique du Canada atlantique |c1999. |
| 300 | |aii, 85p. : |btableaux ; |c28 cm. |
| 500 | |aPréparé pour La conférence sur le Développement des compétences dans une économie axée sur le savoir (Agence de promotion économique du Canada atlantique). |
| 504 | |aBibliographie. |
| 563 | |aReliure à anneaux |
| 590 | |a00-42|b2000-10-20 |
| 691 | 07|aÉconomie du savoir|2gcpds |
| 691 | 07|aRessources renouvelables|2gcpds |
| 691 | 07|aRessources non renouvelables|2gcpds |
| 720 | 1 |aDavis, Charles |
| 720 | 1 |aHulett, Les |
| 775 | 08|tSkills needs in the resource-based sectors in Atlantic Canada / |w(CaOODSP)9.647854 |
| 776 | 0#|tBesoins en compétences dans le secteur primaire de la région de l'Atlantique : |w(CaOODSP)9.639372 |